| 000 | 00802nam a2200229 a 4500 | ||
|---|---|---|---|
| 001 | 49973 | ||
| 003 | BD-RjUL | ||
| 005 | 20211209075435.0 | ||
| 008 | 160823s1966 BG |||| |||| 00|benbbend | ||
| 020 | _c: Tk. 5.00 | ||
| 035 | _a(BD-RjUL)50093 | ||
| 040 |
_aBD-RjUL _bben _cBD-RjUL |
||
| 041 | _aben | ||
| 082 |
_223 _a891.443 _bBAB 1966 |
||
| 100 | 1 |
_aহাকিম, আবদুল _9148000 |
|
| 245 | 1 | 0 |
_aবিংশ শতাব্দীর বিচিত্র উপাখ্যান / _cআবদুল হাকিম, |
| 260 |
_aঢাকা : _bহাকিমস বুকশপ, _c১৯৬৬ |
||
| 300 |
_a[৪], ২৮৪ পৃ. ; _b১৯ সেমি. |
||
| 650 |
_aবাংলা উপন্যাস _9148001 |
||
| 650 |
_aBengali Fiction _9148002 |
||
| 942 |
_2ddc _cBK |
||
| 999 |
_c49973 _d49973 |
||